000 00764ntaaa2200205 4500
003 01
005 20251027202140.0
008 0714s1973 ag 01
040 _aAR-BaBN
_bspa
_cAR-BaBN
_eaacr
_dRIC
082 _a262.7000 So3s
100 _aFlecha, J. Román
_919976
245 _aSois iglesia!
250 _a1 ed.
260 _aMadrid :
_bCristiandad,
_c1983
300 _a161 p ;
_c18,5 cm
500 _aHomilías pronunciadas en cuaresma en una diócesis de León por varios sacerdotes, sobre el ser y sentido de la iglesia - cuerpo de Cristo y pueblo de Dios - sobre la compenetración del clero y de los laicos y sobre los diverso sservicios, apostolados y carismas
650 _aiglesia-naturaleza de la
_91715
700 _aOtros,
_913169
942 _cBK
999 _c16430
_d16430